000 00773nam a2200289Ia 4500
005 20260324120431.0
008 008 260324s9999 xx 000 0 eng d
020 _a9781315555775
037 _aEBOOK
040 _aCRL
040 _beng
040 _cCRL
041 _2eng
041 _aeng
084 _qCRL
100 _aAndrew David; Glyndwr Williams; Felipe Fernández-Armesto
_91158551
245 4 _aThe Malaspina Expedition 1789–1794
245 0 _bJournal of the Voyage by Alejandro Malaspina. Volume I: Cádiz to Panamá
260 _bTaylor and Francis
260 _c2015
365 _a
365 _b230
856 _uhttp://www.taylorfrancis.com/books/9781315555775
942 _cEBOOK
999 _c1750080
_d1750080